ՀՀ Գիտությունների ազգային ակադեմիայի հիմնարար գիտական գրադարան  =   Fundamental Scientific Library of NAS RA

Survivors : (Record no. 525702)

MARC details
000 -LEADER
fixed length control field 01019nam a2200253 a 4500
005 - DATE AND TIME OF LATEST TRANSACTION
control field 20260218144054.0
008 - FIXED-LENGTH DATA ELEMENTS--GENERAL INFORMATION
fixed length control field 060216s1993 cauab||gr|||||||||||eng|d
020 ## - INTERNATIONAL STANDARD BOOK NUMBER
International Standard Book Number 978-0-520-21956-4 (pbk : alk. paper)
020 ## - INTERNATIONAL STANDARD BOOK NUMBER
International Standard Book Number 0520-21956-2
040 ## - CATALOGING SOURCE
Original cataloging agency AM-YeHGA
Transcribing agency AM-YeHGA
041 0# - LANGUAGE CODE
Language code of text/sound track or separate title eng
100 1# - MAIN ENTRY--PERSONAL NAME
Personal name Miller, Donald E.
245 10 - TITLE STATEMENT
Title Survivors :
Remainder of title An Oral history of the Armenian Genocide /
Statement of responsibility, etc. Donald E. Miller, Lorna Touryan Miller.
260 ## - PUBLICATION, DISTRIBUTION, ETC.
Place of publication, distribution, etc. Berkeley, Calif. :
Name of publisher, distributor, etc. University of California Press,
Date of publication, distribution, etc. 1993.
300 ## - PHYSICAL DESCRIPTION
Extent xii, 242 p. :
Other physical details ill., map ;
Dimensions 23 cm.
504 ## - BIBLIOGRAPHY, ETC. NOTE
Bibliography, etc. note Includes bibliographical references and index.
505 2# - FORMATTED CONTENTS NOTE
Formatted contents note Historical background--Survivor accounts--Analysis.
650 14 - SUBJECT ADDED ENTRY--TOPICAL TERM
Topical term or geographic name entry element Հայոց ցեղասպանություն (1915-1923)
Form subdivision Անձնական պատմություններ
9 (RLIN) 5101
650 14 - SUBJECT ADDED ENTRY--TOPICAL TERM
Topical term or geographic name entry element Armenian Genocide (1915–1923)
Form subdivision Personal narratives
650 14 - SUBJECT ADDED ENTRY--TOPICAL TERM
Topical term or geographic name entry element Armenian massacres survivors
650 14 - SUBJECT ADDED ENTRY--TOPICAL TERM
Topical term or geographic name entry element Oral history
700 1# - ADDED ENTRY--PERSONAL NAME
Personal name Miller, Lorna Touryan
Relator term հեղ․
942 ## - ADDED ENTRY ELEMENTS (KOHA)
Source of classification or shelving scheme Universal Decimal Classification
Koha item type Գրքեր / Books
Holdings
Withdrawn status Lost status Source of classification or shelving scheme Damaged status Not for loan Collection Home library Current library Date acquired Total checkouts Full call number Barcode Date last seen Price effective from Koha item type Public note
    Universal Decimal Classification     Avo Hovhanissian Individual Collection Fundamental Scientific Library Fundamental Scientific Library 22/07/2022   ԱՍՀ/43 FL0676810 22/07/2022 22/07/2022 Գրքեր / Books ILL Non-Circ.
    Universal Decimal Classification     General Fundamental Scientific Library Fundamental Scientific Library 17/04/2023   И II/117637 FL0672029 17/04/2023 17/04/2023 Գրքեր / Books 30 Days Loan


ՀՀ ԳԱԱ հիմնարար գիտական գրադարան
ՀՀ,Երևան 0019
Մարշալ Բաղրամյան 24/6
հեռախոս:(374-10) 52-47-50
Հետադարձ կապ

All site content, except where otherwise noted, is licensed under a
Creative Commons License